Essentials of Research Design and Methodology (Record no. 298834)

000 -LEADER
fixed length control field 00293 a2200109 4500
001 - CONTROL NUMBER
control field 63761
003 - CONTROL NUMBER IDENTIFIER
control field NUST
005 - DATE AND TIME OF LATEST TRANSACTION
control field 20180119110707.0
008 - FIXED-LENGTH DATA ELEMENTS--GENERAL INFORMATION
fixed length control field 180119b xxu||||| |||| 00| 0 eng d
082 ## - DEWEY DECIMAL CLASSIFICATION NUMBER
Classification number 150.72 MAR
100 ## - MAIN ENTRY--PERSONAL NAME
Personal name Marczyk Geoffrey
9 (RLIN) 9063
245 ## - TITLE STATEMENT
Title Essentials of Research Design and Methodology
Medium English
260 ## - PUBLICATION, DISTRIBUTION, ETC.
Name of publisher, distributor, etc. John Wiley & Sons,Inc
Place of publication, distribution, etc. USA
Date of publication, distribution, etc. 2005
300 ## - PHYSICAL DESCRIPTION
Extent xi, 290p.
942 ## - ADDED ENTRY ELEMENTS (KOHA)
Institution code [OBSOLETE] NUST-CAE
Koha item type Book
Call number prefix 150.72 MAR
Source of classification or shelving scheme
Holdings
Withdrawn status Lost status Damaged status Not for loan Collection code Permanent Location Current Location Date acquired Total Checkouts Full call number Barcode Date last seen Price effective from Koha item type
          College of Aeronautical Engineering (CAE) College of Aeronautical Engineering (CAE) 04/03/2017   150.72 MAR CAEN-4119 04/05/2017 04/05/2017 Book
© 2023 Central Library, National University of Sciences and Technology. All Rights Reserved.